| 000 | 00487nam a2200145Ia 4500 | ||
|---|---|---|---|
| 008 | 231129s2008||||xx |||||||||||||| ||spa|| | ||
| 020 | _a978-958-45-0700-6 | ||
| 040 | _bspa | ||
| 082 | _a658.314 B676p | ||
| 100 | _aBohan William F. | ||
| 245 | 0 | _aEl poder oculto de la productividad: Cómo mejorar la productividad en un 30 por ciento ¡sin tener que despedir a nadie! | |
| 260 | _c2008 | ||
| 264 | _aBogotá Colombia : Norma | ||
| 942 |
_2ddc _cBKS |
||
| 999 |
_c12126 _d12126 |
||